000 01077ngm a22003250a 4500
001 PT16544
003 AR-LpoUNG
005 20210202000213.0
007 vd cvaizq
008 191001s2001||||ag |||||||||||||||||spa d
037 _c$8.30
040 _aAR-LpoUNG
_bspa
_cAR-LpoUNG
_eaacr
041 _aspa
044 _aag
082 0 _a909 532v14
245 1 3 _aLa reforma :
_bsurge la clase media
260 _aBuenos Aires :
_bKalender Video Argentina,
_c2001.
300 _aVHS (56 min.) : son., byn, col.
520 _aEpoca de Lutero y Carlos V, de Ignacio de Loyola y de Erasmo de Rotterdam, de Coérnico y de Calvino. La reforma fue un movimiento religioso y teológico y de esa época queda pendiente una pregunta: ¿hubiera podido lograrse una renovación de la Iglesia a través del humanismo cristiano?
650 4 _aCLASES SOCIALES
650 4 _aHISTORIA
650 4 _aHISTORIA SOCIAL
650 4 _aIGLESIA
650 4 _aINDUSTRIA
650 4 _aSOCIEDAD
653 _aVIDEOS
653 _aVIDEOS DIDACTICOS
905 _a16544
942 _cVIDEO
999 _c54326
_d54326